Weapons of Tears of the Kingdom (TOTK) - Statistics

General Stats
  • This quiz has been taken 12 times
  • The average score is 38 of 174
Answer Stats
Answer % Correct
Tree Branch
67%
Boko Bow
56%
Master Sword
56%
Royal Broadsword
56%
Royal Broadsword (Pristine)
56%
Wooden Stick
56%
Hylian Shield
44%
Pot Lid
44%
Royal Claymore
44%
Royal Claymore (Pristine)
44%
Rusty Broadsword
44%
Soldier's Claymore
44%
Soldier's Claymore (Pristine)
44%
Traveler's Bow
44%
Traveler's Spear
44%
Traveler's Spear (Pristine)
44%
Traveler's Sword
44%
Traveler's Sword (Pristine)
44%
Cobble Crusher
33%
Cobble Crusher (Pristine)
33%
Feathered Spear
33%
Feathered Spear (Pristine)
33%
Gerudo Spear
33%
Gerudo Spear (Pristine)
33%
Knight's Bow
33%
Knight's Broadsword
33%
Knight's Broadsword (Pristine)
33%
Knight's Claymore
33%
Knight's Claymore (Pristine)
33%
Knight's Shield
33%
Long Stick
33%
Lynel Bow
33%
Royal Bow
33%
Royal Guard's Claymore
33%
Royal Guard's Claymore (Pristine)
33%
Royal Guard's Spear
33%
Royal Guard's Spear (Pristine)
33%
Royal Halberd
33%
Royal Halberd (Pristine)
33%
Royal Shield
33%
Rusty Claymore
33%
Rusty Halberd
33%
Savage Lynel Bow
33%
Soldier's Spear
33%
Soldier's Spear (Pristine)
33%
Soup Ladle
33%
Spiked Boko Bow
33%
Thick Stick
33%
Traveler's Claymore
33%
Traveler's Claymore (Pristine)
33%
Traveler's Shield
33%
Zonaite Shield
33%
Zonaite Spear
33%
Zonaite Sword
33%
Zora Spear
33%
Zora Spear (Pristine)
33%
Boko Shield
22%
Boulder Breaker
22%
Daybreaker
22%
Dragonbone Boko Bow
22%
Duplex Bow
22%
Dusk Bow
22%
Eightfold Blade
22%
Eightfold Blade (Pristine)
22%
Eightfold Longblade
22%
Eightfold Longblade (Pristine)
22%
Farmer's Pitchfork
22%
Feathered Edge
22%
Feathered Edge (Pristine)
22%
Fishing Harpoon
22%
Gerudo Bow
22%
Gerudo Scimitar
22%
Gerudo Scimitar (Pristine)
22%
Giant Boomerang
22%
Giant Boomerang (Pristine)
22%
Gloom Sword
22%
Great Eagle Bow
22%
Knight's Halberd
22%
Knight's Halberd (Pristine)
22%
Lightscale Trident
22%
Magic Scepter
22%
Magic Staff
22%
Mighty Lynel Bow
22%
Royal Guard's Shield
22%
Rusty Shield
22%
Scimitar of the Seven
22%
Soldier's Broadsword
22%
Soldier's Broadsword (Pristine)
22%
Steel Lizal Bow
22%
Strong Zonaite Shield
22%
Strong Zonaite Spear
22%
Strong Zonaite Sword
22%
Sturdy Wooden Stick
22%
Wooden Bow
22%
Wooden Mop
22%
Wooden Shield
22%
Zora Bow
22%
Zora Shield
22%
Biggoron's Sword
11%
Bokoblin Arm
11%
Boomerang
11%
Boomerang (Pristine)
11%
Dragonbone Boko Shield
11%
Dusk Claymore
11%
Emblazoned Shield
11%
Falcon Bow
11%
Farming Hoe
11%
Fierce Deity Sword
11%
Fisherman's Shield
11%
Forest Dweller's Bow
11%
Forest Dweller's Shield
11%
Forest Dweller's Spear
11%
Forest Dweller's Spear (Pristine)
11%
Forest Dweller's Sword
11%
Forest Dweller's Sword (Pristine)
11%
Gerudo Claymore
11%
Gerudo Claymore (Pristine)
11%
Gerudo Shield
11%
Gloom Club
11%
Gloom Spear
11%
Gnarled Long Stick
11%
Gnarled Thick Stick
11%
Gnarled Wooden Stick
11%
Lizal Boomerang
11%
Lizal Bow
11%
Lizalfos Arm
11%
Lizal Shield
11%
Lynel Shield
11%
Magic Rod
11%
Mighty Lynel Shield
11%
Mighty Zonaite Longsword
11%
Mighty Zonaite Shield
11%
Mighty Zonaite Spear
11%
Mighty Zonaite Sword
11%
Moblin Arm
11%
Phrenic Bow
11%
Royal Guard's Bow
11%
Royal Guard's Sword
11%
Royal Guard's Sword (Pristine)
11%
Savage Lynel Shield
11%
Sea-Breeze Boomerang
11%
Shield of the Mind's Eye
11%
Soldier's Bow
11%
Soldier's Shield
11%
Spiked Boko Shield
11%
Steel Lizal Shield
11%
Strengthened Lizal Bow
11%
Strong Zonaite Longsword
11%
Sturdy Long Stick
11%
Sturdy Thick Stick
11%
Swallow Bow
11%
Sword of the Hero
11%
Throwing Spear
11%
Throwing Spear (Pristine)
11%
Torch
11%
White Sword of the Sky
11%
Zonaite Bow
11%
Zonaite Longsword
11%
Zora Longsword
11%
Zora Longsword (Pristine)
11%
Zora Sword
11%
Zora Sword (Pristine)
11%
Boar Oar
0%
Construct Bow
0%
Demon King's Bow
0%
Hunter's Shield
0%
Kite Shield
0%
Mighty Construct Bow
0%
Old Wooden Bow
0%
Old Wooden Shield
0%
Radiant Shield
0%
Reinforced Lizal Shield
0%
Sea-Breeze Shield
0%
Strong Construct Bow
0%
No matching quizzes found
Score Distribution
Percent of People with Each Score
Percentile by Number Answered
Your Score History
You have not taken this quiz